000 00588 a2200205 4500
005 20260116143457.0
008 260116b |||||||| |||| 00| 0 eng d
020 _a9789392509506
_cRs. 1495.00
040 _aMAIN
082 _a379.54
_bK136N
100 _aKant, Krishan
245 _aNational education policy 2020: Indian perspective and global outlook in higher education
260 _bSanjay Prakashan
_c2023
_aNew Delhi
300 _a226
650 _aEducation
650 _aNational Education Policy
650 _aHigher Education
700 _aRam Chander
942 _cBK
999 _c395111
_d395111